000 01648cam a2200445 a 4500
001 22168
003 VRT
005 20260321111129.0
008 240315s2010 si g 000 f slo
015 _aSNBA2012/04-02282
020 _a9788055123332
_q(viaz.)
035 _a8305BB6D-E036-4D5A-B9FA-6169306A398A
035 _aurn:nbn:sk:snk-amle0d
035 _aurn:nbn:sk:snk-am008zis
039 9 _a202403152004
_bVLOAD
_c202002241123
_dAUTHORITY
_c202002241116
_dAUTHORITY
_c201808090955
_dVLOAD
040 _aSVKBB
_bslo
_cSVKBB
_dSNK
_eAACR2
041 1 _aslo
_heng
044 _axo
_cSK
072 7 _a821.111-3
_xAnglická próza, anglicky písaná
_2konspekt
080 _a821.111-31
_22001
100 1 _aAdams, Carrie,
_d1970-
_4aut
240 1 0 _aStepmother
_lSlovensky
245 1 0 _aMacocha
_cCarrie Adamsová ;[z anglického originálu preložila Elvíra Haugová]
250 _a[1. vyd.]
260 _aBratislava
_bIkar
_c2010
300 _a398 s.
_c21 cm
500 _aVoľné pokračovanie skvelého románu Krstná
655 7 _aanglické romány
_2SNKPH
655 7 _aEnglish fiction
_2SNKPHeng
700 1 _aHaugová, Elvíra,
_d1972-
_4trl
942 _2ddc
_cKLDO
_n0
949 _6273K0519923
_asvkpoA 208975
_bsvkpo528050
949 _617A0687286
_asnkSC 143167 D1
_bsnk2011/2333
_o2560/10
_s6100:20210923
949 _62889165819
_asavukPV 14245
_bsavuk2010/6168
949 _617A0682265
_asnkSC 143167
_bsnk2010/27188
_o2560/10
949 _63869A19770
_abpksh821.111-31
_bbpksh60069
949 _6270001000364367
_asvkbbA 129775
_bsvkbbm 713657
980 _a821.111-31
999 _c22168
_d22168